000 00913nam a22002177a 4500
999 _c11804
_d11804
003 AR-CdUCM
008 190405b ||||| |||| 00| 0 spa d
040 _aMUNICIPALIDAD PROVINCIAL DEL CUSCO
_cBIBLIOTECA MUNICIPAL DEL CUSCO
082 _a349.7 /
_bH54 / 1882
100 _aHeredia, Ricardo
_929352
245 _aLecciones de Derecho público eclesiástico dictadas en la Universidad de San Marcos /
260 _aLima :
_bImpr. Calle del Padre Jerónimo,
_c1882.
300 _a286 páginas ;
_c20 cm.
500 _aDedicatoria
505 _aContenido: Noción general de iglesia -- Constitución de la iglesia católica -- Definición y división de los cánones -- Definición y división de las fuentes del derecho eclesiástico ...
650 _aDerecho eclesiástico
_929120
650 _aJurisprudencia
_9927
650 _aIglesia católica
_93151
942 _2ddc
_cLIBROS
945 _aacv
_d05/04/2019